| 000 | 00962nam a2200229 a 4500 | ||
|---|---|---|---|
| 005 | 20250301063803.0 | ||
| 008 | 991125s1996 mx 000 0 spa u | ||
| 035 | _aUPN01000049107 | ||
| 049 | _aCG | ||
| 050 | 4 |
_aLC1671 _bP76 |
|
| 245 | 0 | 0 |
_aProyecto educación y género / _ccoord. María del Carmen Campero. |
| 260 |
_aMéxico : _bUPN, _c1996. |
||
| 300 | _a4 v. | ||
| 440 | 0 |
_aArchivos ; _v4 |
|
| 500 | _aDatos tomados de la cubierta | ||
| 500 | _a"Universidad Pedagógica Nacional. Dirección de Docencia. Academia de Educación de Adultos" | ||
| 505 | 8 |
_aContenido: _gv.1. _tSeminario género y capacitación en aspectoslaborales y productivos -- _gv.2. _tFrente a la modernización, la realidad de las trabajadoras bancarias : el caso de Bancomer -- _gv.3. _tUna oportunidad para combinar la vida |
|
| 650 | 7 |
_aMujeres _xEmpleo _zMéxico _2 _99091 |
|
| 650 | 4 |
_aMujeres _xEducación _9182 |
|
| 700 | 1 |
_aCampero Cuenca, Carmen _ecoord. _928633 |
|
| 905 | _aLibro | ||
| 999 |
_c49107 _d49107 |
||